| 000 | 01436cam a22003494a 4500 | ||
|---|---|---|---|
| 999 |
_c11174 _d11174 |
||
| 001 | 15124020 | ||
| 003 | GZU | ||
| 005 | 20240402114217.0 | ||
| 008 | 071228r20082008at ab b 001 0 eng | ||
| 010 | _a 2007943956 | ||
| 020 | _a9781418080532 (pbk.) | ||
| 020 | _a1418080535 (pbk.) | ||
| 022 | _a1418080535 (pbk.) | ||
| 040 |
_aDLC _cDLC |
||
| 050 | 0 | 0 |
_aKF3827 _bKRA 2008 |
| 100 | 1 |
_aKrager, Dan. _eauthor |
|
| 245 | 1 | 0 |
_aHIPAA for health care professionals / _cDan Krager, Carole Krager. |
| 260 |
_aAustralia; _aUnited States: _bDelmar Cengage Learning, _cc2008. |
||
| 300 |
_axi, 171pages: _bill.,map; _c24cm. |
||
| 500 | _aOriginally published: Clifton Park, NY : Thomson Delmar Learning, c2008. | ||
| 504 | _aIncludes bibliographical references and index. | ||
| 505 | 0 | _aIntroduction to HIPAA -- Privacy issues explained -- Transactions and code sets -- Security rule explained -- Unique health identifiers and HIPAA myths. | |
| 520 | _aHIPAA for health care professionals | ||
| 610 | 1 | 0 |
_aUnited States. _tHealth Insurance Portability and Accountability Act of 1996. |
| 650 | 0 |
_aMedical records _xLaw and legislation _zUnited States. |
|
| 650 | 0 |
_aPrivacy, Right of _zUnited States. |
|
| 650 | 0 |
_aMedical records _xAccess control _zUnited States. |
|
| 700 | 1 | _aKrager, Carole. | |
| 906 |
_a7 _bcbc _corignew _d2 _eepcn _f20 _gy-gencatlg |
||
| 942 |
_2lcc _cBK _h3827 _iKRA _kKF |
||